Malé dějiny filozofie

Na minha lista:
Detalhes bibliográficos
Autor principal: Störig, Hans Joachim
Outros Autores: Rezek, Petr
Formato: Livro
Idioma:tcheco
Publicado em: Praha ZVON 1991
Edição:1. vyd.
Tags: Adicionar Tag
Sem tags, seja o primeiro a adicionar uma tag!

MARC

LEADER 00000nam a2200000 4500
001 c025042
005 20221214101635.8
041 0 |a cze 
044 |a CZ 
245 1 0 |a Malé dějiny filozofie  |c Hans Joachim Störig ; [Z nem. prel.] Petr Rezek 
250 |a 1. vyd. 
264 1 |a Praha  |b ZVON  |c 1991 
300 |a 510 s. 
100 1 |a Störig, Hans Joachim 
700 1 |a Rezek, Petr